00417 2200169 4500245006900000020002200069250001000091100001700101700000900118650001300127005001900140260003100159041001400190084000800204300002600212336000900238 aTersenyumlah, Dunia Akan Tersenyum BersamamucAbdul RochimhText a978-602-5992-94-0 aCet.6 aAbdul Rochim aDyas aMotivasi a20241015142325 aSlemanbC-Klik Mediac2023 aIndonesia a155 aiv, 122 hlm. :cilus. atext